000
00343nam a2200145Ia 4500
003
OSt
005
20231220071416.0
008
170524s9999 xx 000 0 und d
020
_a
9788131300381
040
_c
IIMT UNIVERSITY
100
_a
D R RAMANAUJIN R C
245
0
_a
MULTIMEDIA JOURNALISM
260
_b
N DELHI A P H
942
_2
ddc
_c
02
999
_c
9057
_d
9057